| 000 -LEADER |
| fixed length control field |
01258cam a2200289 a 4500 |
| 020 ## - INTERNATIONAL STANDARD BOOK NUMBER |
| ISBN |
0803113978 (v. 1) |
| 020 ## - INTERNATIONAL STANDARD BOOK NUMBER |
| ISBN |
0803114222 (v. 2) |
| 040 ## - CATALOGING SOURCE |
| Transcribing agency |
DLC |
| 082 00 - DEWEY DECIMAL CLASSIFICATION NUMBER |
| Classification number |
615 AST 1991 A039 Or. |
| 245 00 - TITLE STATEMENT |
| Title |
Plants for toxicity assessment / |
| 260 ## - PUBLICATION, DISTRIBUTION, ETC. (IMPRINT) |
| Place of publication |
Philadelphia, PA : |
| Name of publisher |
ASTM, |
| Year of publication |
c1990-c1991. |
| 300 ## - PHYSICAL DESCRIPTION |
| Number of Pages |
2 v. : |
| Other physical details |
ill. ; |
| Dimensions |
24 cm. |
| 490 1# - SERIES STATEMENT |
| Series statement |
STP ; |
| 500 ## - GENERAL NOTE |
| General note |
"ASTM publication code number (PCN) 04-011150-16"--Vol. 2, t.p. |
| 500 ## - GENERAL NOTE |
| General note |
Vol. 1 contains papers presented at the 1st Symposium on Use of Plants for Toxicity Assessment, held in Atlanta, Ga., Apr. 19-20, 1989, and sponsored by ASTM Committee E-47 on Biological Effects and Environmental Fate and its Subcommittee E47.11 on Plant Toxicity. |
| 500 ## - GENERAL NOTE |
| General note |
Vol. 2 contains papers presented at the 2nd Symposium on Use of Plants for Toxicity Assessment, held in San Francisco, Calif., Apr. 23-24, 1990. |
| 500 ## - GENERAL NOTE |
| General note |
Vol. 2 edited by Joseph W. Gorsuch and others. |
| 650 #0 - SUBJECT ADDED ENTRY--TOPICAL TERM |
| Topical Term |
Plants |
| 650 #0 - SUBJECT ADDED ENTRY--TOPICAL TERM |
| Topical Term |
Plant indicators |
| 650 #0 - SUBJECT ADDED ENTRY--TOPICAL TERM |
| Topical Term |
Toxicity testing |
| 650 #0 - SUBJECT ADDED ENTRY--TOPICAL TERM |
| Topical Term |
Biological monitoring |
| 700 1# - ADDED ENTRY--PERSONAL NAME |
| Personal name |
Wang, Wun-cheng. |
| 700 1# - ADDED ENTRY--PERSONAL NAME |
| Personal name |
Gorsuch, Joseph W., |
| 700 1# - ADDED ENTRY--PERSONAL NAME |
| Personal name |
Lower, W. R. |
| 710 2# - ADDED ENTRY--CORPORATE NAME |
| Corporate name or jurisdiction name as entry element |
ASTM Committee E-47 on Biological Effects and Environmental Fate. |
| 942 ## - ADDED ENTRY ELEMENTS (KOHA) |
| Koha item type |
សៀវភៅភាសាអង់គ្លេស |
| 952 ## - LOCATION AND ITEM INFORMATION (KOHA) |
| Withdrawn status [LOCAL, KOHA] |
0 |
| 952 ## - LOCATION AND ITEM INFORMATION (KOHA) |
| Withdrawn status [LOCAL, KOHA] |
0 |